| 000 | 00693cam a2200181 i 4500 | ||
|---|---|---|---|
| 005 | 20260126113916.0 | ||
| 008 | 250721s2001 xx gr 000 0 ara d | ||
| 082 | 1 | 4 |
_a346.08 _bم ص ط |
| 100 | 1 |
_aمصطفى، خليل _eمؤلف. |
|
| 245 | 1 | 0 |
_aتقدير مبلغ التعويض و حقوق المؤمن المؤمن الجزئية على دفعه : _bدراسة في عقد التأمين / _cالمحامي الدكتور خليل مصطفى. |
| 250 | _aالطبعةالاولى. | ||
| 264 | 3 | 1 |
_aعمان : _bدار الحامد، _c2001. |
| 300 | _a410صفحة. | ||
| 650 | 1 | 7 | _aالقانون. |
| 650 | 1 | 7 | _aالتأمين. |
| 942 |
_2ddc _cBK |
||
| 999 |
_c65675 _d65675 |
||